SEDEFIR en cifras 1993: informativo estadístico / Elías Wessin Cháves (Secretario de Estado) (Registro nro. 6734)

Detalles MARC
000 -LEADER
fixed length control field 00573nam a22001811a 4500
001 - CONTROL NUMBER
control field 6734
003 - CONTROL NUMBER IDENTIFIER
control field OSt
005 - DATE AND TIME OF LATEST TRANSACTION
control field 20260204212101.0
008 - FIXED-LENGTH DATA ELEMENTS--GENERAL INFORMATION
fixed length control field 060708s1993||||dr ||||||b||||||||||spa||
050 ## - LIBRARY OF CONGRESS CALL NUMBER
Classification number RD 796.7293 R299s
110 ## - ASIENTO PRINCIPAL -- NOMBRE CORPORATIVO
Corporate name or jurisdiction name as entry element República Dominicana. Secretaría de Estado de Deporte, Educación Física y Recreación
245 ## - TÍTULO PROPIAMENTE DICHO: SUBTÍTULO
Title SEDEFIR en cifras 1993: informativo estadístico / Elías Wessin Cháves (Secretario de Estado)
264 ## - PRODUCTION, PUBLICATION, DISTRIBUTION, MANUFACTURE, AND COPYRIGHT NOTICE
Place of production, publication, distribution, manufacture Santo Domingo : SEDEFIR
300 ## - PHYSICAL DESCRIPTION
Extensión 142 p
650 ## - ASIENTO SECUNDARIO DE MATERIA -- TERMINO TEMÁTICO
Termino Temático Como Elemento de Entrada 1.Deporte
700 ## - ASIENTO SECUNDARIO -- NOMBRE PERSONAL
Personal name Wessin Cháves, ElíasÌ
942 ## - ADDED ENTRY ELEMENTS (KOHA)
Source of classification or shelving scheme Dewey Decimal Classification
Koha item type Libros
Existencias
Withdrawn status Lost status Source of classification or shelving scheme Damaged status Not for loan Current library Date acquired Total Checkouts Full call number Barcode Date last seen Price effective from Koha item type
    Dewey Decimal Classification     Biblioteca UTECO 09/09/2019   RD 796.7293 R299S 010820 09/09/2019 09/09/2019 Libros
    Dewey Decimal Classification     Biblioteca UTECO 09/09/2019   RD 796.7293 R299S 010821 09/09/2019 09/09/2019 Libros
    Dewey Decimal Classification     Biblioteca UTECO 09/09/2019   RD 796.7293 R299S 010822 09/09/2019 09/09/2019 Libros
    Dewey Decimal Classification     Biblioteca UTECO 09/09/2019   RD 796.7293 R299S 010823 09/09/2019 09/09/2019 Libros
© 2021 Derechos Reservados UTECO - Teléfono: +1 809-585-2291 - Correo electrónico: biblioteca@uteco.edu.do​  
Código postal 43000 ​​
Dirección: Avenida Universitaria No. 100, 
Cotuí, Provincia Sánchez Ramírez, República Dominicana - RNC: 404-00059-6